000 00789pam a2200277 a 4500
999 _c1430
_d1430
001 4850504
003 OSt
005 20210310144513.0
008 910219s1991 paua 001 0 eng c
010 _a 91009622
020 _a1563750074
040 _aDNLM/DLC
_cDLC
_dDLC
050 1 0 _aRD93.7
_b.S35 1991
060 _aWO 700 S419r
082 0 0 _aWO100 S11r 1991
_220
100 1 _aSclafani, Salvatore J. A.
_93779
245 1 0 _aRadiology of Trauma
260 _aPhiladelphia :
_bLippincott ;
_cc1991.
300 _a1 v. (various pagings) :
_bill. (some col.) ;
_c26 cm.
500 _aIncludes index.
650 0 _aTrauma
_93780
650 0 _aRadiology
_93781
906 _a7
_bcbu
_corignew
_d1
_eocip
_f19
_gy-gencatlg
942 _2z
_cSLOAN